Statistics for Most Visited National Parks in the U.S.

Click here to take the quiz!

General Stats

  • This quiz has been taken 31 times
  • The average score is 6 of 10

Answer Stats

# of visitsNational Park% Correct
4 millionYellowstone
100%
4.4 millionYosemite
93%
5.9 millionGrand Canyon
89%
12.5 millionGreat Smoky Mountains
75%
3.4 millionAcadia
50%
4.5 millionZion
50%
3.4 millionGrand Teton
46%
4.7 millionRocky Mountain
46%
3 millionGlacier
39%
3.2 millionOlympic
39%

Score Distribution

Percentile by Number Answered

Percent of People with Each Score

Your Score History

You have not taken this quiz